<?xml version="1.0" encoding="UTF-8"?><?xml-stylesheet type="text/xsl" href="static/style.xsl"?><OAI-PMH xmlns="http://www.openarchives.org/OAI/2.0/" xmlns:xsi="http://www.w3.org/2001/XMLSchema-instance" xsi:schemaLocation="http://www.openarchives.org/OAI/2.0/ http://www.openarchives.org/OAI/2.0/OAI-PMH.xsd"><responseDate>2026-06-01T03:35:15Z</responseDate><request verb="GetRecord" identifier="oai:riuma.uma.es:10630/23219" metadataPrefix="marc">https://riuma.uma.es/rest/oai/request</request><GetRecord><record><header><identifier>oai:riuma.uma.es:10630/23219</identifier><datestamp>2026-02-03T12:10:05Z</datestamp><setSpec>com_10630_2254</setSpec><setSpec>col_10630_37959</setSpec></header><metadata><record xmlns="http://www.loc.gov/MARC21/slim" xmlns:dcterms="http://purl.org/dc/terms/" xmlns:doc="http://www.lyncode.com/xoai" xmlns:xsi="http://www.w3.org/2001/XMLSchema-instance" xsi:schemaLocation="http://www.loc.gov/MARC21/slim http://www.loc.gov/standards/marcxml/schema/MARC21slim.xsd">
   <leader>00925njm 22002777a 4500</leader>
   <datafield ind2=" " ind1=" " tag="042">
      <subfield code="a">dc</subfield>
   </datafield>
   <datafield ind2=" " ind1=" " tag="720">
      <subfield code="a">Lima-Rodríguez, Antonia María</subfield>
      <subfield code="e">author</subfield>
   </datafield>
   <datafield ind2=" " ind1=" " tag="720">
      <subfield code="a">Pérez-Quesada, Francisco</subfield>
      <subfield code="e">author</subfield>
   </datafield>
   <datafield ind2=" " ind1=" " tag="720">
      <subfield code="a">González-Herrera, Antonio</subfield>
      <subfield code="e">author</subfield>
   </datafield>
   <datafield ind2=" " ind1=" " tag="720">
      <subfield code="a">García-Manrique-Ocaña, José Manuel</subfield>
      <subfield code="e">author</subfield>
   </datafield>
   <datafield ind2=" " ind1=" " tag="260">
      <subfield code="c">2021-10</subfield>
   </datafield>
   <datafield ind2=" " ind1=" " tag="520">
      <subfield code="a">El estudio teórico del comportamiento dinámico de membranas delgadas ha sido&#xd;
ampliamente estudiado a lo largo del tiempo, existiendo dos casos extremos, el caso&#xd;
de no estar sujeta a cargas (caso de placa) y el caso de estar sometida a cargas (caso&#xd;
de membrana). Para estos dos comportamientos extremos existen soluciones analíticas&#xd;
reconocidas y contrastadas. En este trabajo se propone el uso de Elementos Finitos para&#xd;
determinar el comportamiento dinámico de una membrana sometida a distintos niveles&#xd;
de tensión, y cuya respuesta no corresponde puramente ni a la respuesta de placa ni a&#xd;
la de membrana. Se aportan resultados de la respuesta de casos teóricos para distintas&#xd;
geometrías y/o materiales de membranas sometidas a distintos niveles de tensión,&#xd;
utilizando el método de Elementos Finitos.</subfield>
   </datafield>
   <datafield ind1="8" ind2=" " tag="024">
      <subfield code="a">Lima-Rodriguez, A., Perez-Quesada, F., Gonzalez-Herrera, A., Garcia-Manrique, J. (Octubre de 2021). Análisis de la influencia de la tensión en el comportamiento dinámico de membranas delgadas tipo film. XXIII Congreso Nacional de Ingeniería Mecánica, Jaén, España.</subfield>
   </datafield>
   <datafield ind1="8" ind2=" " tag="024">
      <subfield code="a">https://hdl.handle.net/10630/23219</subfield>
   </datafield>
   <datafield tag="653" ind2=" " ind1=" ">
      <subfield code="a">Dinámica</subfield>
   </datafield>
   <datafield tag="653" ind2=" " ind1=" ">
      <subfield code="a">Membranas (Tecnología) - Materiales</subfield>
   </datafield>
   <datafield ind2="0" ind1="0" tag="245">
      <subfield code="a">Análisis de la influencia de la tensión en el comportamiento dinámico de membranas delgadas tipo film</subfield>
   </datafield>
</record>
</metadata></record></GetRecord></OAI-PMH>